LIBRARY & INFORMATION CENTRE, KCAET, TAVANUR

ONLINE PUBLIC ACCESS CATALOGUE (OPAC)

Agribusiness Management (Record no. 14276)

MARC details
000 -LEADER
fixed length control field 00321nam a22001337a 4500
020 ## - INTERNATIONAL STANDARD BOOK NUMBER
ISBN 9789350562338
082 ## - DEWEY DECIMAL CLASSIFICATION NUMBER
Classification number 630.68
Item number PAR/AG
100 ## - MAIN ENTRY--AUTHOR NAME
Personal name Parameshwar, Hegde
245 ## - TITLE STATEMENT
Title Agribusiness Management
250 ## - EDITION STATEMENT
Edition statement 1
260 ## - PUBLICATION, DISTRIBUTION, ETC. (IMPRINT)
Place of publication New Delhi
Name of publisher Discovery Publishing House Pvt Ltd
Year of publication 2013
300 ## - PHYSICAL DESCRIPTION
Number of Pages 192
942 ## - ADDED ENTRY ELEMENTS (KOHA)
Koha item type Books
Holdings
Withdrawn status Lost status Damaged status Collection code Home library Current library Shelving location Date acquired Source of acquisition Cost, normal purchase price Full call number Accession Number Koha item type
        KAUAET KAUAET General Stacks 10/06/2016 Cosmo Book House, Calicut 1000.00 630.68 PAR/GA 24338 Books
        KAUAET KAUAET General Stacks 27/07/2016 Penta Books Distributors, Calicut. 1000.00 630.68 PAR/AG 24176 Books
free website counter